Name 9 US cities with over 1 million people - Statistics

General Stats
  • This quiz has been taken 38 times
  • The average score is 8 of 9
Answer Stats
Hint Answer % Correct
California Los Angeles
100%
New York New York
100%
Texas Houston
97%
Texas Dallas
94%
Illinois Chicago
92%
California San Diego
92%
Arizona Phoenix
89%
Pennsylvania Philadelphia
86%
Texas San Antonio
75%
No matching quizzes found
Score Distribution
Percent of People with Each Score
Percentile by Number Answered
Your Score History
You have not taken this quiz